header

New American Schools' concept of break-the-mold designs (Record no. 11707)

MARC details
000 -LEADER
fixed length control field 01306nam a22003254a 4500
082 04 - DEWEY DECIMAL CLASSIFICATION NUMBER
Classification number 379.1/5
100 1# - MAIN ENTRY--AUTHOR NAME
Personal name Bodilly, Susan J.
245 10 - TITLE STATEMENT
Title New American Schools' concept of break-the-mold designs
260 ## - PUBLICATION, DISTRIBUTION, ETC. (IMPRINT)
Place of publication Santa Monica, CA :
Name of publisher Rand,
Year of publication 2001.
300 ## - PHYSICAL DESCRIPTION
Number of Pages xxii, 139 p.
500 ## - GENERAL NOTE
General note "MR-1288-NAS."
650 #0 - SUBJECT ADDED ENTRY--TOPICAL TERM
Topical Term School improvement programs
Topical Term Educational change
856 40 - ELECTRONIC LOCATION AND ACCESS
Uniform Resource Identifier http://site.ebrary.com/lib/rucke/Doc?id=10015436

No items available.

© 2026 Rongo University
Contact us: librarian | system librarian | Rongo university